Refuerzo matemático pre-bachillerato a estudiantes de noveno frado del Centro Escolar Caserío Martín Baro, Cantón la Joya, Municipio de Sociedad, Departamento de Morazan (Registro nro. 28426)

Detalles MARC
000 -CABECERA
Longitud fija campo de control 01102nam a22002177a 4500
003 - IDENTIFICADOR DELl NÚMERO DE CONTROL
Identificador del número de control OSt
005 - FECHA Y HORA DE LA ÚLTIMA TRANSACCIÓN
Fecha y hora de la última transacción 20170921134541.0
008 - CÓDIGOS DE INFORMACIÓN DE LONGITUD FIJA
Códigos de información de longitud fija 150407b xxu||||| |||| 00| 0 eng d
040 ## - FUENTE DE LA CATALOGACIÓN
Centro transcriptor CRI
082 ## - NÚMERO DE LA CLASIFICACIÓN DECIMAL DEWEY
Númeroo de clasificación 374.13
100 ## - PUNTO DE ACCESO PRINCIPAL-NOMBRE DE PERSONA
9 (RLIN) 41885
Nombre de persona Claros Vásquez, Carlos Antonio
245 10 - MENCIÓN DE TÍTULO
Título Refuerzo matemático pre-bachillerato a estudiantes de noveno frado del Centro Escolar Caserío Martín Baro, Cantón la Joya, Municipio de Sociedad, Departamento de Morazan
Resto del título : Proyecto
Mención de responsabilidad, etc. Carlos Antonio Claros Vásquez, Miguel Ángel Guevara García, Jaime Javier Molina Perla
260 ## - PUBLICACIÓN, DISTRIBUCIÓN, ETC. (PIE DE IMPRENTA)
Lugar de publicación, distribución, etc. Ilobasco (Cabañas)
Nombre del editor, distribuidor, etc. Universidad Católica de El Salvador
Fecha de publicación, distribución, etc. 2016
300 ## - DESCRIPCIÓN FÍSICA
Extensión 85 p.
Otras características físicas il.
Dimensiones 28 cm
Material anejo empastado + 1 disco compacto
502 ## - NOTA DE TESIS
Nota de tesis Trabajo de graduación para optar al grado académico de Licenciado/a en Ciencias de la Educación con Especialidad en Matemática
650 #0 - PUNTO DE ACCESO ADICIONAL DE MATERIA - TÉRMINO DE MATERIA
9 (RLIN) 15474
Término de materia o nombre geográfico como elemento inicial Enseñanza
700 ## - PUNTO DE ACCESO ADICIONAL - NOMBRE DE PERSONA
9 (RLIN) 41886
Nombre de persona Guevara García, Miguel Ángel
700 ## - PUNTO DE ACCESO ADICIONAL - NOMBRE DE PERSONA
9 (RLIN) 41887
Nombre de persona Molina Perla, Jaime Javier
710 ## - PUNTO DE ACCESO ADICIONAL - NOMBRE DE ENTIDAD
9 (RLIN) 40915
Nombre de entidad o nombre de jurisdicción como elemento inicial Universidad Católica de El Salvador
Unidad subordinada Centro Regional de Ilobasco
942 ## - ENTRADA DE ELEMENTOS AGREGADOS (KOHA)
Fuente de clasificaión o esquema Dewey Decimal Classification
Koha [por defecto] tipo de item 4- Trabajo de Graduación
Parte de clasificación prozim
Existencias
Suprimido Perdido Fuente de clasificación o esquema Estropeado Restricciones de uso No para préstamo Código de colección Localización permanente Localización actual Localización en estanter&íacute;as Fecha adquisición Fuente de adquisición Número de inventario Préstamos totales Renovaciones totales Signatura completa Código de barras Fecha última consulta Fecha último préstamo Fecha del precio de reemplazo Tipo de item de Koha
NULL NULL Dewey Decimal Classification NULL Prestable NULL NULL Biblioteca Centro Regional de Ilobasco Biblioteca Centro Regional de Ilobasco Sala Principal 15/08/2017 Donado por Carlos Claros y equipo de trabajo 000066 3 1 PR-000066 1042534 31/08/2019 31/08/2019 21/09/2017 4- Trabajo de Graduación